Normal view
MARC view
- ادارة الاعمال-نظرية الريادة-الريادة في الدول النامية
Entry Topical Term
001 - CONTROL NUMBER
- control field: 30857
003 - CONTROL NUMBER IDENTIFIER
- control field: JO-AjAnu
005 - DATE AND TIME OF LATEST TRANSACTION
- control field: 20230606075213.0
008 - FIXED-LENGTH DATA ELEMENTS
- fixed length control field: 230606|| aca||aabn | a|a d
040 ## - CATALOGING SOURCE
- Original cataloging agency: JO-AjAnu
- Transcribing agency: JO-AjAnu
150 ## - HEADING--TOPICAL TERM
- Topical term or geographic name entry element: ادارة الاعمال-نظرية الريادة-الريادة في الدول النامية
670 ## - SOURCE DATA FOUND
- Source citation: Work cat.: (JO-AjAnu)15847: مبارك،مجدي عوض, author 30856, الريادة في الاعمال :المفاهيم والنماذج والمداخل العلمية